Introducción a la metodología de la investigación empírica en las ciencias del deporte
Saved in:
| Hovedforfatter: | |
|---|---|
| Format: | Bog |
| Sprog: | spansk |
| Udgivet: |
Barcelona
Paidotribo
2008
|
| Udgivelse: | 2a. ed |
| Fag: | |
| Tags: |
Tilføj Tag
Ingen Tags, Vær først til at tagge denne postø!
|
MARC
| LEADER | 00000cam a2200000 a 4500 | ||
|---|---|---|---|
| 001 | UCG3453 | ||
| 003 | CL-VaPUC | ||
| 008 | 100826e20080000SP |||||||||||||||||spa|d | ||
| 020 | |a 9788480196789 | ||
| 082 | 0 | 4 | |a 796.07 |b HEI |2 21 |
| 100 | |a Heinemann, Klaus |e author |9 552611 | ||
| 245 | 1 | 0 | |a Introducción a la metodología de la investigación empírica en las ciencias del deporte |
| 250 | |a 2a. ed | ||
| 300 | |a 304 p | ||
| 942 | |c BK | ||
| 945 | |d 20100826 00:00:00 |a mfarfan | ||
| 260 | |a Barcelona |b Paidotribo |c 2008 | ||
| 650 | 0 | |a Métodos de investigación |9 262618 | |
| 650 | 7 | |a TECNICAS DE INVESTIGACION |2 CL-VaPUC |9 552612 | |
| 650 | 0 | |a Deportes |9 224367 | |
| 583 | |a last modification |c 20120612 01:24:28 |k Rodrigo Vera | ||
| 999 | |c 342520 |d 342518 | ||
| 952 | |0 0 |1 0 |4 0 |6 796_070000000000000_HEI_2008 |7 0 |8 C |9 438746 |a BIBCUR |b BIBCUR |d 2019-11-22 |i 4708415 |o 796.07 HEI 2008 |p 4708415 |r 2025-04-22 |w 2019-11-22 |y BK |k DEN | ||
| 952 | |0 0 |1 0 |4 0 |6 796_070000000000000_HEI_2008 |7 0 |8 A |9 438747 |a BIBEDU |b BIBEDU |d 2019-11-22 |i 4877004 |o 796.07 HEI 2008 |p 4877004 |r 2019-11-22 |w 2019-11-22 |y BK |k EFI | ||
| 952 | |0 0 |1 0 |4 0 |6 796_070000000000000_HEI_2008 |7 0 |8 A |9 438748 |a BIBEDU |b BIBEDU |d 2019-11-22 |i 4877012 |o 796.07 HEI 2008 |p 4877012 |r 2019-11-22 |w 2019-11-22 |y BK |k EFI | ||